000 01500nam a2200385 a 4500
001 ebr10522370
003 CaPaEBR
006 m u
007 cr cn|||||||||
008 020427s2002 couad sb 001 0 eng d
010 _z 2002071060
020 _z1583211713
020 _z9781583211717
020 _z9781613001301 (e-book)
040 _aCaPaEBR
_cCaPaEBR
035 _a(OCoLC)608555107
050 1 4 _aTD491
_b.A49 no. M23 2002eb
082 0 4 _a628.1 s
_a628.1/5
_221
110 2 _aAmerican Water Works Association.
245 1 0 _aPVC pipe-- design and installation
_h[electronic resource].
250 _a2nd ed.
260 _aDenver, Colo. :
_bAmerican Water Works Association,
_cc2002.
300 _axi, 167 p. :
_bill.
490 1 _aManual of water supply practices ;
_vM23
500 _a"Incorporates errata dated June 1, 2010. Includes addendum dated July 30, 2010."
504 _aIncludes bibliographical references (p. 157-162) and index.
533 _aElectronic reproduction.
_bPalo Alto, Calif. :
_cebrary,
_d2012.
_nAvailable via World Wide Web.
_nAccess may be limited to ebrary affiliated libraries.
650 0 _aWater-pipes
_xDesign and construction.
650 0 _aPipe, Plastic.
650 0 _aPolyvinyl chloride.
655 7 _aElectronic books.
_2local
710 2 _aebrary, Inc.
830 0 _aAWWA manual ;
_vM23.
856 4 0 _uhttp://site.ebrary.com/lib/rucke/Doc?id=10522370
_zAn electronic book accessible through the World Wide Web; click to view
999 _c141869
_d141869